[Event "Stay Safe Play From Home 131"]
[Site "T#645805Emanuel Laske"]
[Date "2020.05.07"]
[Round "2"]
[White "Sfantul321"]
[Black "Edmatuag"]
[Result "1-0"]
[WhiteElo "2041"]
[BlackElo "1720"]
[Annotator "NA"]
[PlyCount "87"]
[EventDate "2020.05.07"]
[EventType "swiss (blitz)"]

1. c4 {[%emt 0:00:01]} Nf6 {[%emt 0:00:02]} 2. Nc3 {[%emt 0:00:01]} g6 {[%emt 0:00:01]} 3. g3 {[%emt 0:00:01]} Bg7 {[%emt 0:00:01]} 4. Bg2 {[%emt 0:00:00]} O-O {[%emt 0:00:00]} 5. e3 {[%emt 0:00:00]} c5 {[%emt 0:00:02]} 6. Nge2 {[%emt 0:00:01]} Nc6 {[%emt 0:00:00]} 7. O-O {[%emt 0:00:01]} e6 {[%emt 0:00:02]} 8. h3 {[%emt 0:00:02]} d6 {[%emt 0:00:04]} 9. d3 {[%emt 0:00:02]} a6 {[%emt 0:00:02]} 10. Kh2 {[%emt 0:00:01]} Bd7 {[%emt 0:00:01]} 11. Rb1 {[%emt 0:00:02]} Qc7 {[%emt 0:00:01]} 12. a3 {[%emt 0:00:02]} Rab8 {[%emt 0:00:01]} 13. b4 {[%emt 0:00:02]} cxb4 {[%emt 0:00:06]} 14. axb4 {[%emt 0:00:01]} b5 {[%emt 0:00:04]} 15. Ba3 {[%emt 0:00:01]} h5 {[%emt 0:00:08]} 16. cxb5 {[%emt 0:00:08]} axb5 {[%emt 0:00:02]} 17. Rc1 {[%emt 0:00:01]} h4 {[%emt 0:00:10]} 18. d4 {[%emt 0:00:04]} d5 {[%emt 0:00:17]} 19. Qd3 {[%emt 0:00:03]} Qb7 {[%emt 0:00:08]} 20. g4 {[%emt 0:00:09]} Ne7 {[%emt 0:00:05]} 21. f4 {[%emt 0:00:05]} Rfc8 {[%emt 0:00:02]} 22. Rb1 {[%emt 0:00:08]} Ne4 {[%emt 0:00:03]} 23. Nxe4 {[%emt 0:00:04]} dxe4 {[%emt 0:00:00]} 24. Bxe4 {[%emt 0:00:01]} Bc6 {[%emt 0:00:08]} 25. Bxc6 {[%emt 0:00:02]} Qxc6 {[%emt 0:00:02]} 26. Rbc1 {[%emt 0:00:04]} Qd6 {[%emt 0:00:09]} 27. e4 {[%emt 0:00:04]} g5 {[%emt 0:00:18]} 28. e5 {[%emt 0:00:02]} Qd7 {[%emt 0:00:07]} 29. Qe4 {[%emt 0:00:07]} Qd5 {[%emt 0:00:07]} 30. Qxd5 {[%emt 0:00:03]} Nxd5 {[%emt 0:00:01]} 31. fxg5 {[%emt 0:00:03]} Ne3 {[%emt 0:00:04]} 32. Rf3 {[%emt 0:00:05]} Nc4 {[%emt 0:00:01]} 33. Nf4 {[%emt 0:00:11]} Nd2 {[%emt 0:00:05]} 34. Rd3 {[%emt 0:00:05]} Rxc1 {[%emt 0:00:03]} 35. Bxc1 {[%emt 0:00:01]} Nc4 {[%emt 0:00:02]} 36. g6 {[%emt 0:00:02]} Ra8 {[%emt 0:00:03]} 37. gxf7+ {[%emt 0:00:03]} Kxf7 {[%emt 0:00:00]} 38. Rf3 {[%emt 0:00:02]} Kg8 {[%emt 0:00:02]} 39. Nxe6 {[%emt 0:00:03]} Ra2+ {[%emt 0:00:02]} 40. Kg1 {[%emt 0:00:02]} Ra1 {[%emt 0:00:01]} 41. Rf1 {[%emt 0:00:01]} Kh7 {[%emt 0:00:07]} 42. Nxg7 {[%emt 0:00:01]} Kxg7 {[%emt 0:00:01]} 43. Bh6+ {[%emt 0:00:01]} Kxh6 {[%emt 0:00:01]} 44. Rxa1 {[%emt 0:00:01] Edmatuag resigns (Lag: Av=0.32s, max=1.1s)} 1-0

[Event "Stay Safe Play From Home 131"]
[Site "T#645805Emanuel Laske"]
[Date "2020.05.07"]
[Round "2"]
[White "Lazieri3"]
[Black "MartinKestler"]
[Result "1-0"]
[WhiteElo "2022"]
[BlackElo "1901"]
[Annotator "NA"]
[PlyCount "71"]
[EventDate "2020.05.07"]
[EventType "swiss (blitz)"]

1. e4 {[%emt 0:00:01]} d6 {[%emt 0:00:01]} 2. d4 {[%emt 0:00:01]} Nf6 {[%emt 0:00:01]} 3. Nc3 {[%emt 0:00:00]} e5 {[%emt 0:00:01]} 4. Nf3 {[%emt 0:00:03]} Nc6 {[%emt 0:00:03]} 5. Bc4 {[%emt 0:00:01]} h6 {[%emt 0:00:02]} 6. dxe5 {[%emt 0:00:01]} Nxe5 {[%emt 0:00:02]} 7. Nxe5 {[%emt 0:00:01]} dxe5 {[%emt 0:00:00]} 8. Bxf7+ {[%emt 0:00:01]} Ke7 {[%emt 0:00:02]} 9. Qxd8+ {[%emt 0:00:08]} Kxd8 {[%emt 0:00:00]} 10. Be3 {[%emt 0:00:03]} c6 {[%emt 0:00:04]} 11. O-O-O+ {[%emt 0:00:02]} Kc7 {[%emt 0:00:01]} 12. f3 {[%emt 0:00:06]} Bb4 {[%emt 0:00:02]} 13. Ne2 {[%emt 0:00:01]} b6 {[%emt 0:00:02]} 14. a3 {[%emt 0:00:01]} Be7 {[%emt 0:00:03]} 15. Rd2 {[%emt 0:00:01]} Rf8 {[%emt 0:00:01]} 16. Bg6 {[%emt 0:00:06]} Be6 {[%emt 0:00:02]} 17. Rhd1 {[%emt 0:00:02]} Rad8 {[%emt 0:00:02]} 18. Ng3 {[%emt 0:00:06]} Rxd2 {[%emt 0:00:05]} 19. Rxd2 {[%emt 0:00:00]} Rd8 {[%emt 0:00:01]} 20. Rxd8 {[%emt 0:00:06]} Kxd8 {[%emt 0:00:00]} 21. Bf5 {[%emt 0:00:00]} Bf7 {[%emt 0:00:03]} 22. Bh3 {[%emt 0:00:08]} Bf8 {[%emt 0:00:09]} 23. Nf5 {[%emt 0:00:03]} Ne8 {[%emt 0:00:06]} 24. g3 {[%emt 0:00:07]} g5 {[%emt 0:00:06]} 25. Kd2 {[%emt 0:00:11]} Nd6 {[%emt 0:00:02]} 26. Nxd6 {[%emt 0:00:02]} Bxd6 {[%emt 0:00:00]} 27. Bf5 {[%emt 0:00:06]} Ke7 {[%emt 0:00:02]} 28. h4 {[%emt 0:00:04]} Kf6 {[%emt 0:00:03]} 29. hxg5+ {[%emt 0:00:04]} hxg5 {[%emt 0:00:00]} 30. Kd3 {[%emt 0:00:03]} Bh5 {[%emt 0:00:03]} 31. Ke2 {[%emt 0:00:05]} Bf7 {[%emt 0:00:02]} 32. Kf2 {[%emt 0:00:03]} Bh5 {[%emt 0:00:01]} 33. Kg2 {[%emt 0:00:03]} a5 {[%emt 0:00:05]} 34. Bxb6 {[%emt 0:00:04]} c5 {[%emt 0:00:07]} 35. Bxa5 {[%emt 0:00:02]} c4 {[%emt 0:00:01]} 36. Bd8+ {[%emt 0:00:01] MartinKestler gibt auf (Lag: Av=0.76s, max=4.1s)} 1-0

[Event "Stay Safe Play From Home 131"]
[Site "T#645805Emanuel Laske"]
[Date "2020.05.07"]
[Round "2"]
[White "Nickless0"]
[Black "Indianquant"]
[Result "0-1"]
[WhiteElo "1959"]
[BlackElo "2252"]
[PlyCount "64"]
[EventDate "2020.05.07"]
[EventType "swiss (blitz)"]

1. e4 {[%emt 0:00:02]} c5 {[%emt 0:00:01]} 2. Nf3 {[%emt 0:00:01]} d6 {[%emt 0:00:05]} 3. d4 {[%emt 0:00:03]} cxd4 {[%emt 0:00:00]} 4. Nxd4 {[%emt 0:00:00]} Nf6 {[%emt 0:00:01]} 5. Nc3 {[%emt 0:00:01]} a6 {[%emt 0:00:00]} 6. Be2 {[%emt 0:00:04]} e5 {[%emt 0:00:01]} 7. Nb3 {[%emt 0:00:01]} Be7 {[%emt 0:00:01]} 8. f4 {[%emt 0:00:01]} exf4 {[%emt 0:00:10]} 9. Bxf4 {[%emt 0:00:00]} O-O {[%emt 0:00:04]} 10. Qd2 {[%emt 0:00:01]} Nc6 {[%emt 0:00:01]} 11. O-O-O {[%emt 0:00:02]} Ne5 {[%emt 0:00:11]} 12. h3 {[%emt 0:00:14]} Qb6 {[%emt 0:00:23]} 13. g4 {[%emt 0:00:07]} Be6 {[%emt 0:00:03]} 14. Nd4 {[%emt 0:00:16]} Rfe8 {[%emt 0:00:15]} 15. g5 {[%emt 0:00:06]} Nfd7 {[%emt 0:00:01]} 16. Nxe6 {[%emt 0:00:02]} fxe6 {[%emt 0:00:00]} 17. Bg4 {[%emt 0:00:14]} Bf8 {[%emt 0:00:02]} 18. Be3 {[%emt 0:00:18]} Qc7 {[%emt 0:00:04]} 19. Rdf1 {[%emt 0:00:11]} Nc4 {[%emt 0:00:07]} 20. Bxe6+ {[%emt 0:00:30]} Rxe6 {[%emt 0:00:13]} 21. Qd5 {[%emt 0:00:01]} Rae8 {[%emt 0:00:00]} 22. Bd4 {[%emt 0:00:21]} Ndb6 {[%emt 0:00:03]} 23. Qf5 {[%emt 0:00:02]} Ne5 {[%emt 0:00:20]} 24. Bxb6 {[%emt 0:00:09]} Qxb6 {[%emt 0:00:03]} 25. Nd5 {[%emt 0:00:00]} Qd8 {[%emt 0:00:02]} 26. Rf2 {[%emt 0:00:05]} h6 {[%emt 0:00:16]} 27. gxh6 {[%emt 0:00:03]} Rxh6 {[%emt 0:00:02]} 28. Rhf1 {[%emt 0:00:01]} Qd7 {[%emt 0:00:14]} 29. Qxf8+ {[%emt 0:00:01]} Rxf8 {[%emt 0:00:01]} 30. Rxf8+ {[%emt 0:00:00]} Kh7 {[%emt 0:00:00]} 31. R1f7 {[%emt 0:00:02]} Nxf7 {[%emt 0:00:01]} 32. Rxf7 {[%emt 0:00:01]} Qxf7 {[%emt 0:00:00] Zaman (Lag: Av=1.11s, max=5.7s)} 0-1

[Event "Stay Safe Play From Home 131"]
[Site "T#645805Emanuel Laske"]
[Date "2020.05.07"]
[Round "2"]
[White "Dukic"]
[Black "Tumnik_ad"]
[Result "0-1"]
[WhiteElo "1786"]
[BlackElo "1884"]
[Annotator "NA"]
[PlyCount "74"]
[EventDate "2020.05.07"]
[EventType "swiss (blitz)"]

1. c4 {[%emt 0:00:07]} e6 {[%emt 0:00:00]} 2. Nc3 {[%emt 0:00:03]} b6 {[%emt 0:00:00]} 3. d4 {[%emt 0:00:03]} Bb7 {[%emt 0:00:00]} 4. a3 {[%emt 0:00:02]} f5 {[%emt 0:00:01]} 5. f3 {[%emt 0:00:03]} Nf6 {[%emt 0:00:01]} 6. Bg5 {[%emt 0:00:04]} Be7 {[%emt 0:00:03]} 7. e3 {[%emt 0:00:04]} O-O {[%emt 0:00:02]} 8. Bd3 {[%emt 0:00:02]} Nd5 {[%emt 0:00:12]} 9. Bxe7 {[%emt 0:00:04]} Nxc3 {[%emt 0:00:16]} 10. Bxd8 {[%emt 0:00:04]} Nxd1 {[%emt 0:00:01]} 11. Bxc7 {[%emt 0:00:08]} Nxb2 {[%emt 0:00:01]} 12. Be2 {[%emt 0:00:04]} Rc8 {[%emt 0:00:06]} 13. Bd6 {[%emt 0:00:17]} Nxc4 {[%emt 0:00:04]} 14. Bxc4 {[%emt 0:00:08]} Rxc4 {[%emt 0:00:02]} 15. Ne2 {[%emt 0:00:01]} Rc2 {[%emt 0:00:09]} 16. Rc1 {[%emt 0:00:04]} Rxc1+ {[%emt 0:00:03]} 17. Nxc1 {[%emt 0:00:02]} Ba6 {[%emt 0:00:00]} 18. Kd2 {[%emt 0:00:04]} Nc6 {[%emt 0:00:02]} 19. Nd3 {[%emt 0:00:10]} Na5 {[%emt 0:00:00]} 20. Bb4 {[%emt 0:00:21]} Nc6 {[%emt 0:00:17]} 21. Bc3 {[%emt 0:00:02]} Bxd3 {[%emt 0:00:04]} 22. Kxd3 {[%emt 0:00:02]} Kf7 {[%emt 0:00:00]} 23. e4 {[%emt 0:00:01]} Rc8 {[%emt 0:00:04]} 24. exf5 {[%emt 0:00:09]} exf5 {[%emt 0:00:00]} 25. d5 {[%emt 0:00:02]} Ne7 {[%emt 0:00:02]} 26. d6 {[%emt 0:00:11]} Nd5 {[%emt 0:00:05]} 27. Be5 {[%emt 0:00:02]} Rc5 {[%emt 0:00:11]} 28. f4 {[%emt 0:00:02]} Nf6 {[%emt 0:00:06]} 29. h3 {[%emt 0:00:05]} Ne4 {[%emt 0:00:02]} 30. Kd4 {[%emt 0:00:05]} Rc2 {[%emt 0:00:06]} 31. g4 {[%emt 0:00:03]} Ra2 {[%emt 0:00:08]} 32. gxf5 {[%emt 0:00:09]} Ng3 {[%emt 0:00:02]} 33. Rc1 {[%emt 0:00:03]} Nxf5+ {[%emt 0:00:03]} 34. Ke4 {[%emt 0:00:01]} Ke6 {[%emt 0:00:06]} 35. Rc8 {[%emt 0:00:02]} Nxd6+ {[%emt 0:00:09]} 36. Bxd6 {[%emt 0:00:03]} Kxd6 {[%emt 0:00:00]} 37. Rg8 {[%emt 0:00:02]} g6 {[%emt 0:00:02] Zeit (Lag: Av=0.35s, max=0.6s) .} 0-1

[Event "Stay Safe Play From Home 131"]
[Site "T#645805Emanuel Laske"]
[Date "2020.05.07"]
[Round "2"]
[White "Kongle"]
[Black "Little champs"]
[Result "0-1"]
[WhiteElo "1724"]
[BlackElo "2086"]
[Annotator "NA"]
[PlyCount "82"]
[EventDate "2020.05.07"]
[EventType "swiss (blitz)"]

1. d4 {[%emt 0:00:03]} c6 {[%emt 0:00:03]} 2. c4 {[%emt 0:00:02]} d5 {[%emt 0:00:05]} 3. Nc3 {[%emt 0:00:01]} dxc4 {[%emt 0:00:03]} 4. e4 {[%emt 0:00:02]} e5 {[%emt 0:00:03]} 5. d5 {[%emt 0:00:02]} Bb4 {[%emt 0:00:04]} 6. Bxc4 {[%emt 0:00:03]} Nf6 {[%emt 0:00:01]} 7. Bg5 {[%emt 0:00:05]} h6 {[%emt 0:00:03]} 8. Bxf6 {[%emt 0:00:01]} Qxf6 {[%emt 0:00:01]} 9. Nf3 {[%emt 0:00:02]} O-O {[%emt 0:00:01]} 10. O-O {[%emt 0:00:02]} Bg4 {[%emt 0:00:03]} 11. Qd3 {[%emt 0:00:11]} Nd7 {[%emt 0:00:05]} 12. dxc6 {[%emt 0:00:02]} Nc5 {[%emt 0:00:12]} 13. Nd5 {[%emt 0:00:09]} Qd8 {[%emt 0:00:36]} 14. Qe3 {[%emt 0:00:03]} Bxf3 {[%emt 0:00:06]} 15. c7 {[%emt 0:00:06]} Qd6 {[%emt 0:00:04]} 16. a3 {[%emt 0:00:08]} Bxe4 {[%emt 0:00:03]} 17. axb4 {[%emt 0:00:04]} Bxd5 {[%emt 0:00:01]} 18. bxc5 {[%emt 0:00:04]} Qe6 {[%emt 0:00:01]} 19. Bxd5 {[%emt 0:00:01]} Qxd5 {[%emt 0:00:01]} 20. Rad1 {[%emt 0:00:05]} Qc6 {[%emt 0:00:01]} 21. Qxe5 {[%emt 0:00:03]} Rac8 {[%emt 0:00:01]} 22. Rd6 {[%emt 0:00:18]} Qxc7 {[%emt 0:00:02]} 23. Rfd1 {[%emt 0:00:01]} Rfe8 {[%emt 0:00:01]} 24. Qf5 {[%emt 0:00:09]} Qxc5 {[%emt 0:00:03]} 25. Qxc5 {[%emt 0:00:06]} Rxc5 {[%emt 0:00:01]} 26. Rd7 {[%emt 0:00:06]} Rb5 {[%emt 0:00:01]} 27. R7d2 {[%emt 0:00:12]} Re6 {[%emt 0:00:01]} 28. g3 {[%emt 0:00:02]} g6 {[%emt 0:00:03]} 29. Rc1 {[%emt 0:00:09]} Reb6 {[%emt 0:00:02]} 30. Rcc2 {[%emt 0:00:01]} a5 {[%emt 0:00:01]} 31. h4 {[%emt 0:00:02]} h5 {[%emt 0:00:01]} 32. Kg2 {[%emt 0:00:05]} Kg7 {[%emt 0:00:01]} 33. Kh3 {[%emt 0:00:03]} Rb3 {[%emt 0:00:02]} 34. Rd7 {[%emt 0:00:05]} Rxb2 {[%emt 0:00:02]} 35. Rxb2 {[%emt 0:00:04]} Rxb2 {[%emt 0:00:01]} 36. Kg2 {[%emt 0:00:01]} a4 {[%emt 0:00:01]} 37. Rd4 {[%emt 0:00:02]} b5 {[%emt 0:00:01]} 38. Rd5 {[%emt 0:00:09]} a3 {[%emt 0:00:01]} 39. Rd6 {[%emt 0:00:04]} a2 {[%emt 0:00:01]} 40. Ra6 {[%emt 0:00:01]} b4 {[%emt 0:00:00]} 41. Ra4 {[%emt 0:00:02]} b3 {[%emt 0:00:01] Time (Lag: Av=0.83s, max=2.0s)} 0-1

[Event "Stay Safe Play From Home 131"]
[Site "T#645805Emanuel Laske"]
[Date "2020.05.07"]
[Round "2"]
[White "Ujwalachitre79"]
[Black "rohit2007"]
[Result "0-1"]
[WhiteElo "1671"]
[BlackElo "2028"]
[Annotator "NA"]
[PlyCount "132"]
[EventDate "2020.05.07"]
[EventType "swiss (blitz)"]

1. e4 {[%emt 0:00:02]} c5 {[%emt 0:00:02]} 2. Nc3 {[%emt 0:00:00]} e6 {[%emt 0:00:02]} 3. g3 {[%emt 0:00:00]} d5 {[%emt 0:00:01]} 4. exd5 {[%emt 0:00:00]} exd5 {[%emt 0:00:01]} 5. d4 {[%emt 0:00:00]} cxd4 {[%emt 0:00:01]} 6. Qxd4 {[%emt 0:00:00]} Nf6 {[%emt 0:00:01]} 7. Bg5 {[%emt 0:00:01]} Nc6 {[%emt 0:00:02]} 8. Qd1 {[%emt 0:00:03]} Bb4 {[%emt 0:00:05]} 9. a3 {[%emt 0:00:04]} Ba5 {[%emt 0:00:03]} 10. b4 {[%emt 0:00:04]} Bb6 {[%emt 0:00:02]} 11. Bg2 {[%emt 0:00:00]} Be6 {[%emt 0:00:08]} 12. Nge2 {[%emt 0:00:04]} O-O {[%emt 0:00:01]} 13. O-O {[%emt 0:00:03]} d4 {[%emt 0:00:01]} 14. Ne4 {[%emt 0:00:02]} Kh8 {[%emt 0:00:08]} 15. Nxf6 {[%emt 0:00:03]} gxf6 {[%emt 0:00:00]} 16. Bh6 {[%emt 0:00:00]} Rg8 {[%emt 0:00:01]} 17. Nf4 {[%emt 0:00:01]} Bc7 {[%emt 0:00:02]} 18. Re1 {[%emt 0:00:09]} Qd7 {[%emt 0:00:04]} 19. Qh5 {[%emt 0:00:05]} Ne5 {[%emt 0:00:08]} 20. Be4 {[%emt 0:00:08]} f5 {[%emt 0:00:02]} 21. Bxb7 {[%emt 0:00:07]} Rab8 {[%emt 0:00:03]} 22. Bg2 {[%emt 0:00:01]} Ng6 {[%emt 0:00:04]} 23. Qg5 {[%emt 0:00:06]} Bd8 {[%emt 0:00:02]} 24. Qh5 {[%emt 0:00:04]} Bf6 {[%emt 0:00:04]} 25. Rad1 {[%emt 0:00:04]} Rbc8 {[%emt 0:00:02]} 26. Bg5 {[%emt 0:00:03]} Bg7 {[%emt 0:00:03]} 27. Bh6 {[%emt 0:00:02]} Nxf4 {[%emt 0:00:07]} 28. Bxf4 {[%emt 0:00:01]} Rxc2 {[%emt 0:00:01]} 29. Qh4 {[%emt 0:00:07]} d3 {[%emt 0:00:03]} 30. Bf1 {[%emt 0:00:05]} d2 {[%emt 0:00:07]} 31. Re2 {[%emt 0:00:01]} Bc3 {[%emt 0:00:13]} 32. Rexd2 {[%emt 0:00:25]} Rxd2 {[%emt 0:00:17]} 33. Rxd2 {[%emt 0:00:04]} Bxd2 {[%emt 0:00:02]} 34. Qf6+ {[%emt 0:00:02]} Rg7 {[%emt 0:00:01]} 35. Be5 {[%emt 0:00:01]} Bh6 {[%emt 0:00:08]} 36. Qxh6 {[%emt 0:00:06]} f6 {[%emt 0:00:01]} 37. Qxf6 {[%emt 0:00:07]} Kg8 {[%emt 0:00:02]} 38. Qxg7+ {[%emt 0:00:05]} Qxg7 {[%emt 0:00:00]} 39. Bxg7 {[%emt 0:00:00]} Kxg7 {[%emt 0:00:00]} 40. a4 {[%emt 0:00:05]} Kf6 {[%emt 0:00:00]} 41. a5 {[%emt 0:00:03]} Ke5 {[%emt 0:00:01]} 42. b5 {[%emt 0:00:00]} Kd6 {[%emt 0:00:01]} 43. Bd3 {[%emt 0:00:06]} Kc5 {[%emt 0:00:02]} 44. Kf1 {[%emt 0:00:01]} Kd4 {[%emt 0:00:01]} 45. Kg1 {[%emt 0:00:01]} Kxd3 {[%emt 0:00:01]} 46. b6 {[%emt 0:00:01]} axb6 {[%emt 0:00:02]} 47. axb6 {[%emt 0:00:00]} Bd5 {[%emt 0:00:01]} 48. h3 {[%emt 0:00:06]} h5 {[%emt 0:00:04]} 49. g4 {[%emt 0:00:00]} hxg4 {[%emt 0:00:01]} 50. hxg4 {[%emt 0:00:00]} fxg4 {[%emt 0:00:01]} 51. Kh2 {[%emt 0:00:00]} Ke4 {[%emt 0:00:01]} 52. Kg3 {[%emt 0:00:00]} Kf5 {[%emt 0:00:01]} 53. Kh2 {[%emt 0:00:04]} Kf4 {[%emt 0:00:01]} 54. Kg1 {[%emt 0:00:01]} Kf3 {[%emt 0:00:04]} 55. Kf1 {[%emt 0:00:00]} Kf4 {[%emt 0:00:01]} 56. Kg1 {[%emt 0:00:00]} Kg5 {[%emt 0:00:01]} 57. Kh2 {[%emt 0:00:01]} Kh4 {[%emt 0:00:00]} 58. Kg1 {[%emt 0:00:05]} Kh3 {[%emt 0:00:00]} 59. Kf1 {[%emt 0:00:00]} Kh2 {[%emt 0:00:00]} 60. Ke2 {[%emt 0:00:00]} Kg2 {[%emt 0:00:01]} 61. Ke3 {[%emt 0:00:02]} Bf3 {[%emt 0:00:01]} 62. Kf4 {[%emt 0:00:04]} Kxf2 {[%emt 0:00:01]} 63. b7 {[%emt 0:00:00]} g3 {[%emt 0:00:01]} 64. b8=Q {[%emt 0:00:01]} g2 {[%emt 0:00:00]} 65. Qb6+ {[%emt 0:00:00]} Kf1 {[%emt 0:00:01]} 66. Qe3 {[%emt 0:00:00]} g1=Q {[%emt 0:00:03] ' Time (Lag: Av=0.72s, max=5.5s) .} 0-1

[Event "Stay Safe Play From Home 131"]
[Site "T#645805Emanuel Laske"]
[Date "2020.05.07"]
[Round "3"]
[White "Indianquant"]
[Black "Lazieri3"]
[Result "1-0"]
[WhiteElo "2257"]
[BlackElo "2033"]
[PlyCount "49"]
[EventDate "2020.05.07"]
[EventType "swiss (blitz)"]

1. Nf3 {[%emt 0:00:01]} c6 {[%emt 0:00:00]} 2. c4 {[%emt 0:00:03]} d5 {[%emt 0:00:00]} 3. d4 {[%emt 0:00:01]} Nf6 {[%emt 0:00:02]} 4. e3 {[%emt 0:00:00]} Bf5 {[%emt 0:00:01]} 5. Nc3 {[%emt 0:00:01]} e6 {[%emt 0:00:01]} 6. Nh4 {[%emt 0:00:00]} Bg4 {[%emt 0:00:02]} 7. Qb3 {[%emt 0:00:02]} Qb6 {[%emt 0:00:05]} 8. h3 {[%emt 0:00:01]} Qxb3 {[%emt 0:00:01]} 9. axb3 {[%emt 0:00:03]} Bh5 {[%emt 0:00:00]} 10. Bd3 {[%emt 0:00:07]} Nbd7 {[%emt 0:00:10]} 11. Bd2 {[%emt 0:00:15]} g5 {[%emt 0:00:11]} 12. Nf3 {[%emt 0:00:03]} Bxf3 {[%emt 0:00:01]} 13. gxf3 {[%emt 0:00:02]} h5 {[%emt 0:00:10]} 14. Ke2 {[%emt 0:00:02]} Be7 {[%emt 0:00:04]} 15. e4 {[%emt 0:00:10]} dxe4 {[%emt 0:00:03]} 16. fxe4 {[%emt 0:00:01]} g4 {[%emt 0:00:09]} 17. e5 {[%emt 0:00:05]} Nh7 {[%emt 0:00:12]} 18. hxg4 {[%emt 0:00:02]} h4 {[%emt 0:00:01]} 19. Ne4 {[%emt 0:00:12]} O-O-O {[%emt 0:00:03]} 20. Rxa7 {[%emt 0:00:07]} Kb8 {[%emt 0:00:10]} 21. Rha1 {[%emt 0:00:07]} Kc7 {[%emt 0:00:01]} 22. Ba5+ {[%emt 0:00:04]} Kb8 {[%emt 0:00:10]} 23. Ra8+ {[%emt 0:00:07]} Kxa8 {[%emt 0:00:04]} 24. Bc7+ {[%emt 0:00:01]} Ba3 {[%emt 0:00:08]} 25. Rxa3# {[%emt 0:00:01] (Lag: Av=0.92s, max=1.5s)} 1-0

[Event "Stay Safe Play From Home 131"]
[Site "T#645805Emanuel Laske"]
[Date "2020.05.07"]
[Round "3"]
[White "Little champs"]
[Black "Haris kollari 13"]
[Result "1-0"]
[WhiteElo "2090"]
[BlackElo "1913"]
[PlyCount "75"]
[EventDate "2020.05.07"]
[EventType "swiss (blitz)"]

1. d4 {[%emt 0:00:01]} d5 {[%emt 0:00:02]} 2. Bf4 {[%emt 0:00:03]} Bf5 {[%emt 0:00:03]} 3. c3 {[%emt 0:00:02]} c6 {[%emt 0:00:01]} 4. Nd2 {[%emt 0:00:02]} Nd7 {[%emt 0:00:03]} 5. e3 {[%emt 0:00:01]} Ngf6 {[%emt 0:00:02]} 6. Ngf3 {[%emt 0:00:01]} e6 {[%emt 0:00:02]} 7. Be2 {[%emt 0:00:01]} Nb6 {[%emt 0:00:06]} 8. O-O {[%emt 0:00:01]} Be7 {[%emt 0:00:02]} 9. h3 {[%emt 0:00:03]} h6 {[%emt 0:00:07]} 10. c4 {[%emt 0:00:01]} Nbd7 {[%emt 0:00:09]} 11. Qb3 {[%emt 0:00:03]} b6 {[%emt 0:00:04]} 12. Rac1 {[%emt 0:00:02]} O-O {[%emt 0:00:03]} 13. cxd5 {[%emt 0:00:01]} cxd5 {[%emt 0:00:01]} 14. Bb5 {[%emt 0:00:02]} g5 {[%emt 0:00:08]} 15. Bh2 {[%emt 0:00:01]} Ne4 {[%emt 0:00:04]} 16. Bc6 {[%emt 0:00:02]} Rc8 {[%emt 0:00:03]} 17. Nxe4 {[%emt 0:00:03]} dxe4 {[%emt 0:00:03]} 18. Nd2 {[%emt 0:00:01]} Nf6 {[%emt 0:00:11]} 19. Be5 {[%emt 0:00:03]} Nd5 {[%emt 0:00:09]} 20. a3 {[%emt 0:00:13]} f6 {[%emt 0:00:04]} 21. Bh2 {[%emt 0:00:03]} Kg7 {[%emt 0:00:01]} 22. Qa2 {[%emt 0:00:06]} Bd6 {[%emt 0:00:03]} 23. Bxd6 {[%emt 0:00:18]} Qxd6 {[%emt 0:00:01]} 24. Ba4 {[%emt 0:00:02]} h5 {[%emt 0:00:10]} 25. Bc2 {[%emt 0:00:02]} g4 {[%emt 0:00:10]} 26. hxg4 {[%emt 0:00:04]} hxg4 {[%emt 0:00:01]} 27. g3 {[%emt 0:00:05]} Rh8 {[%emt 0:00:02]} 28. Bxe4 {[%emt 0:00:01]} Ne7 {[%emt 0:00:24]} 29. Kg2 {[%emt 0:00:09]} Rh3 {[%emt 0:00:18]} 30. Rxc8 {[%emt 0:00:03]} Nxc8 {[%emt 0:00:02]} 31. Bxf5 {[%emt 0:00:05]} exf5 {[%emt 0:00:02]} 32. Qc4 {[%emt 0:00:01]} Ne7 {[%emt 0:00:03]} 33. Rc1 {[%emt 0:00:03]} Rh8 {[%emt 0:00:08]} 34. Qb3 {[%emt 0:00:14]} Qd8 {[%emt 0:00:02]} 35. f3 {[%emt 0:00:18]} gxf3+ {[%emt 0:00:02]} 36. Nxf3 {[%emt 0:00:01]} Qa8 {[%emt 0:00:00]} 37. Qe6 {[%emt 0:00:03]} Qe4 {[%emt 0:00:04]} 38. Qxe4 {[%emt 0:00:01] Time (Lag: Av=0.91s, max=6.9s)} 1-0